|
|
|
|
| LEADER |
00000nam0a2200000 4500 |
| 001 |
168205 |
| 005 |
20231031163034.0 |
| 010 |
|
|
|a 5745502436
|
| 035 |
|
|
|a (RuTPU)RU\TPU\book\182495
|
| 090 |
|
|
|a 168205
|
| 100 |
|
|
|a 20091026d1990 k y0rusy50 ca
|
| 101 |
0 |
|
|a rus
|
| 102 |
|
|
|a RU
|
| 105 |
|
|
|a y z 001zy
|
| 200 |
1 |
|
|a Линейные дифференциально-разностные уравнения
|f В. Г. Курбатов
|
| 210 |
|
|
|a Воронеж
|c Изд-во Воронежского гос. ун-та
|d 1990
|
| 215 |
|
|
|a 168 с.
|
| 320 |
|
|
|a Библиогр.: с. 148-164.
|
| 610 |
1 |
|
|a дифференциальные уравнения
|
| 610 |
1 |
|
|a линейные уравнения
|
| 610 |
1 |
|
|a разностные уравнения
|
| 610 |
1 |
|
|a операторы
|
| 610 |
1 |
|
|a устойчивость
|
| 610 |
1 |
|
|a фазовые пространства
|
| 675 |
|
|
|a 517.929
|v 3
|
| 700 |
|
1 |
|a Курбатов
|b В. Г.
|g Виталий Геннадьевич
|
| 801 |
|
1 |
|a RU
|b 63413507
|c 20091026
|
| 801 |
|
2 |
|a RU
|b 63413507
|c 20180625
|g RCR
|
| 942 |
|
|
|c BK
|